[Event "EU-chT Railways USIC 19th"]
[Site "St Petersburg"]
[Date "2016.07.06"]
[Round "2.8"]
[White "Tomitz, Hermann"]
[Black "Mitura, Vaclav"]
[Result "0-1"]
[WhiteElo "2026"]
[BlackElo "2089"]
[PlyCount "120"]
[EventDate "2016.07.05"]
[EventType "team-swiss"]
[EventRounds "5"]
[EventCountry "RUS"]
[SourceTitle "EXT 2020"]
[Source "ChessBase"]
[SourceDate "2019.10.17"]
[SourceVersion "1"]
[SourceVersionDate "2019.10.17"]
[SourceQuality "1"]
[WhiteTeam "Austria (rail)"]
[BlackTeam "Czech Republic (rail)"]
[WhiteTeamCountry "AUT"]
[BlackTeamCountry "CZE"]

1. d4 d5 2. c4 c6 3. cxd5 cxd5 4. Nc3 Nc6 5. Bf4 Nf6 6. e3 a6 7. Bd3 Bg4 8. Nge2 e6 9. Rc1 Be7 10. f3 Bh5 11. Bg3 Bg6 12. Nf4 Bxd3 13. Nxd3 0-0 14. 0-0 Na5 15. b3 b5 16. Qd2 Ra7 17. Ne2 Qb6 18. Rc2 Ba3 19. Ne5 Nd7 20. Nxd7 Rxd7 21. Nc1 Nc6 22. Nd3 a5 23. Rxc6 Qxc6 24. Ne5 Qb7 25. Nxd7 Qxd7 26. Qxa5 b4 27. Bc7 Qc6 28. Qc5 Qa6 29. Rf2 Qd3 30. g3 Qxe3 31. Bd6 Bb2 32. Bf4 Qxd4 33. Be3 Qxc5 34. Bxc5 Rc8 35. Rxb2 Rxc5 36. Kf2 Kf8 37. f4 Ke7 38. Ke3 Kd6 39. Kd4 f6 40. Re2 Rc1 41. Kd3 h6 42. Kd2 Ra1 43. Kd3 e5 44. fxe5+ fxe5 45. Rf2 e4+ 46. Kd4 Rd1+ 47. Ke3 Ke5 48. Rf8 Rd3+ 49. Ke2 Kd4 50. Rf7 Rc3 51. Rxg7 Rc2+ 52. Kd1 Rxh2 53. Ke1 Ke3 54. Kf1 Rxa2 55. g4 d4 56. g5 hxg5 57. Rxg5 d3 58. Rg3+ Kf4 59. Rg8 Kf3 60. Rf8+ Ke3 0-1

[Event "CZE-chT2F 1516"]
[Site "Czech Republic"]
[Date "2016.02.07"]
[Round "7.17"]
[White "Mitura, Vaclav"]
[Black "Baier, Pavel"]
[Result "1/2-1/2"]
[WhiteElo "2103"]
[BlackElo "2114"]
[PlyCount "54"]
[EventDate "2015.10.18"]
[EventType "team-tourn"]
[EventRounds "11"]
[EventCountry "CZE"]
[SourceTitle "EXT 2022"]
[Source "ChessBase"]
[SourceDate "2021.10.06"]
[SourceVersion "1"]
[SourceVersionDate "2021.10.06"]
[SourceQuality "1"]
[WhiteTeam "Cesky Tesin"]
[BlackTeam "Havirov Banik"]
[WhiteTeamCountry "CZE"]
[BlackTeamCountry "CZE"]

1. d4 Nf6 2. Nf3 g6 3. c4 Bg7 4. Nc3 0-0 5. e4 d6 6. h3 Na6 7. Bg5 h6 8. Be3 e5 9. d5 Qe8 10. g4 Nc5 11. Nd2 Bd7 12. f3 a5 13. Nb3 b6 14. Be2 Kh7 15. Nxc5 bxc5 16. Qc2 Qe7 17. 0-0-0 a4 18. h4 Ng8 19. Kb1 Rfb8 20. h5 g5 21. Ka1 Kh8 22. Rd3 Qe8 23. Nb1 Ne7 24. Na3 Nc8 25. Rc3 Nb6 26. Qd2 Bf6 27. Rd1 Rb7 1/2-1/2

[Event "CZE-chT2F 1516"]
[Site "Czech Republic"]
[Date "2016.01.10"]
[Round "5.23"]
[White "Bosak, Jan"]
[Black "Mitura, Vaclav"]
[Result "0-1"]
[WhiteElo "2148"]
[BlackElo "2103"]
[PlyCount "80"]
[EventDate "2015.10.18"]
[EventType "team-tourn"]
[EventRounds "11"]
[EventCountry "CZE"]
[SourceTitle "EXT 2022"]
[Source "ChessBase"]
[SourceDate "2021.10.06"]
[SourceVersion "1"]
[SourceVersionDate "2021.10.06"]
[SourceQuality "1"]
[WhiteTeam "Vsetin"]
[BlackTeam "Cesky Tesin"]
[WhiteTeamCountry "CZE"]
[BlackTeamCountry "CZE"]

1. c4 c6 2. d4 d5 3. Nf3 Nf6 4. Nc3 dxc4 5. a4 Bf5 6. e3 e6 7. Bxc4 Bb4 8. Qb3 a5 9. 0-0 Qe7 10. Ne5 0-0 11. f3 Bg6 12. e4 Nbd7 13. Nxg6 hxg6 14. Bg5 e5 15. Bxf6 gxf6 16. dxe5 fxe5 17. Kh1 Nf6 18. Rad1 Kg7 19. Rf2 Nh5 20. g3 Rad8 21. Rfd2 Rxd2 22. Rxd2 Qg5 23. Qd1 Rh8 24. Kg2 Nf6 25. Qe2 Bc5 26. Nd1 Qh6 27. Kh1 Nh5 28. Qg2 Nxg3+ 29. Qxg3 Qxd2 30. Qxe5+ Kh7 31. Qxc5 Qxd1+ 32. Kg2 Qd2+ 33. Qf2 Qxf2+ 34. Kxf2 Kg7 35. Kg3 g5 36. b3 Kf6 37. h3 Rh7 38. Kg4 Rh4+ 39. Kg3 Ke7 40. e5 Rf4 0-1

[Event "Lazy op 10th"]
[Site "Lazy"]
[Date "2014.07.02"]
[Round "4"]
[White "Zylka, Stanislaw"]
[Black "Mitura, Vaclav"]
[Result "1/2-1/2"]
[WhiteElo "1939"]
[BlackElo "2098"]
[PlyCount "62"]
[EventDate "2014.06.29"]
[EventType "swiss"]
[EventRounds "9"]
[EventCountry "POL"]
[SourceTitle "CBM 161 Extra"]
[Source "ChessBase"]
[SourceDate "2014.08.29"]
[SourceVersion "1"]
[SourceVersionDate "2014.08.29"]
[SourceQuality "1"]

1. e4 c6 2. d4 d5 3. Nc3 dxe4 4. Nxe4 Nd7 5. Ng5 Ngf6 6. Bc4 e6 7. Ne2 Nb6 8. Bd3 c5 9. c3 Be7 10. 0-0 0-0 11. Qc2 h6 12. Nf3 Bd7 13. dxc5 Bxc5 14. Bf4 Rc8 15. Rad1 Nbd5 16. Bg3 Qb6 17. a3 Bd6 18. Bxd6 Qxd6 19. Qb1 Qc7 20. Rfe1 Ba4 21. b3 Bc6 22. Nfd4 Ng4 23. g3 Bd7 24. c4 Ndf6 25. Nc3 Ne5 26. Ne4 Nxe4 27. Bxe4 a6 28. Bg2 Nc6 29. Nxc6 Bxc6 30. Bxc6 Qxc6 31. Qe4 Qc7 1/2-1/2